000 00556nam a2200157 a 4500
001 000039682
005 20201002033658.0
008 130716s2012 dr 000 0 spa d
020 _a978994549102
040 _aDO-SdBNP
_bspa
_cBNPHU
100 1 _aSantos, Lilian de los
_965877
245 1 0 _aEva de metal :
_bantología de textos /
_cLilian de los Santos,.
260 _aSantiago de los Caballeros, República Dominicana :
_bEditora Teófilo,
_c2012.
300 _a81 p. ;
_c22 cm.
500 _aIncluye datos biográficos del autor en la solapa de la cubierta
999 _c39172
_d39172